Provinces of Campania Map Quiz - Statistics

General Stats
  • This quiz has been taken 110 times
  • The average score is 4 of 5
Answers on the Map
Answers color-coded by a green-red scale on the quiz's map according to % correct below.
 
Answer Stats
Provinces % Correct
Napoli
98%
Salerno
87%
Benevento
79%
Avellino
77%
Caserta
75%
No matching quizzes found
Score Distribution
Percent of People with Each Score
Percentile by Number Answered
Your Score History
You have not taken this quiz